Une scenographie en quete de modernitè: de nouveaux traitements de l'image au journal televisè (Record n. 57510)
[ formato base ]
| 000 -LEADER | |
|---|---|
| fixed length control field | 00950nam a2200301Ia 4500 |
| 001 - CONTROL NUMBER | |
| control field | 60638 |
| 003 - CONTROL NUMBER IDENTIFIER | |
| control field | IT-RoPAU |
| 008 - FIXED-LENGTH DATA ELEMENTS--GENERAL INFORMATION | |
| fixed length control field | 130308s9999 xx 000 0 und d |
| 040 ## - CATALOGING SOURCE | |
| Original cataloging agency | IT-RoPAU |
| 040 ## - CATALOGING SOURCE | |
| Transcribing agency | IT-RoPAU |
| 041 ## - LANGUAGE CODE | |
| Language code of text/sound track or separate title | FRANCESE |
| 999 ## - SYSTEM CONTROL NUMBERS (KOHA) | |
| Koha Dewey Subclass [OBSOLETE] | SI |
| 100 ## - MAIN ENTRY--PERSONAL NAME | |
| Personal name | Moeglin Pierre |
| 100 ## - MAIN ENTRY--PERSONAL NAME | |
| Miscellaneous information | Codice Aut. SPICS: 21829 |
| 245 ## - TITLE STATEMENT | |
| Title | Une scenographie en quete de modernitè: de nouveaux traitements de l'image au journal televisè |
| 245 ## - TITLE STATEMENT | |
| Remainder of title | J.T. (Le)-Mise En Scene de L'Actualite' a la Television |
| 250 ## - EDITION STATEMENT | |
| Edition statement | 1a ed. |
| 260 ## - PUBLICATION, DISTRIBUTION, ETC. (IMPRINT) | |
| Place of publication, distribution, etc. | PARIS |
| 260 ## - PUBLICATION, DISTRIBUTION, ETC. (IMPRINT) | |
| Name of publisher, distributor, etc. | Documentation Francaise |
| 260 ## - PUBLICATION, DISTRIBUTION, ETC. (IMPRINT) | |
| Date of publication, distribution, etc. | 1986 [1° Ed.:1986 - Ed.Ling.Originale:1986] |
| 300 ## - PHYSICAL DESCRIPTION | |
| Extent | "35 p. (prefazione: no ; testo: 35 [pagine: 143-177])" |
| 500 ## - GENERAL NOTE | |
| General note | Scenografia in Cerca di Modernità Dai Nuovi Trattamenti dell'Immagine al Telegiornale |
| 650 ## - SUBJECT ADDED ENTRY--TOPICAL TERM | |
| Topical term or geographic name as entry element | GENERI TELEVISIVI |
| 650 ## - SUBJECT ADDED ENTRY--TOPICAL TERM | |
| Relator term | Codice materia Spics: 6960 |
| 942 ## - ADDED ENTRY ELEMENTS (KOHA) | |
| Koha item type | LIBRO |
| 957 ## - | |
| -- | 1 |
| 999 ## - SYSTEM CONTROL NUMBERS (KOHA) | |
| -- | 1 |
| Withdrawn status | Lost status | Damaged status | Not for loan | Home library | Current library | Date acquired | Total Checkouts | Full call number | Date last seen | Price effective from | Koha item type | Public note |
|---|---|---|---|---|---|---|---|---|---|---|---|---|
| Buone Condizioni | Not For Loan | SPICS-MEDIATECA | SPICS-MEDIATECA | 08/03/2013 | 60638 | 08/03/2013 | 08/03/2013 | LIBRO | Progressivo inserimento: 45181 / N. Volumi: 0 [=Contributo] Copie: 1 Copia Rara: SI / data import: 1 marzo 2013 - By Epidotti, Trombetti, Vaglietti. |